000 00865nam a2200265 i 4500
001 102903
003 ES-MaACL
005 20240416094212.0
007 t|
008 051215s1981 sp f ||||1| spa d
020 _a84-85284-16-x
080 _a398.33(460.33 Elche)
080 _a821.134.2-251.09"15/16"
130 0 _aMisterio de Elche.
_9123044
245 1 3 _aLa festa d'Elx /
_c[edición y comentarios de Enrique Llobregat ; aguafuertes de Sixto Marco y de Díaz Azorín].
260 _a[Alicante :
_bRembrandt,
_c1981]
300 _a[74] p., [14] h. de lám. ;
_c56 cm.
500 _aEjemplar nº F de una tirada de 230.
650 1 4 _aFiestas-
_zElche.
_912777
700 1 _aMarco, Sixto.
_976470
700 1 _aAzorín, Josep.
_924332
700 1 _aLlobregat, Enrique A.,
_d1941-2003
_972805
852 _aES-MaACL
_jGF-47
999 _c102903
_d102903